| 000 | 01256cam a22003614a 4500 | ||
|---|---|---|---|
| 001 | 13966880 | ||
| 003 | OSt | ||
| 005 | 20150408114107.0 | ||
| 008 | 050511s2010 nyua b 001 0 eng | ||
| 010 | _a 2005013647 | ||
| 020 | _a1401872069 | ||
| 035 | _a(DNLM)101247774 | ||
| 040 |
_aDNLM/DLC _cDLC _dDLC |
||
| 042 | _apcc | ||
| 050 | 0 | 0 |
_aRT48 _b.H425 2006 |
| 060 | 1 | 0 |
_aWY 100.4 _bH433 2006 |
| 082 | 0 | 0 |
_a616.075 _222 _bHEA |
| 245 | 0 | 0 |
_aHealth assessment & physical examination / _c[edited by] Mary Ellen Zator Estes. |
| 246 | 3 | _aHealth assessment and physical examination | |
| 250 | _a4th ed. | ||
| 260 |
_aClifton Park, NY : _bThomson Delmar Learning, _c2010. |
||
| 300 |
_axxv, 980 p. : _bill. (some col.) ; _c29 cm. |
||
| 504 | _aIncludes bibliographical references and index. | ||
| 650 | 0 | _aNursing assessment. | |
| 650 | 0 | _aPhysical diagnosis. | |
| 650 | 1 | 2 | _aNursing Assessment. |
| 650 | 2 | 2 |
_aPhysical Examination _xnursing. |
| 700 | 1 |
_aEstes, Mary Ellen Zator. _918965 |
|
| 856 | 4 | 1 |
_3Table of contents _uhttp://www.loc.gov/catdir/toc/ecip0512/2005013647.html |
| 906 |
_a7 _bcbc _corignew _d1 _eecip _f20 _gy-gencatlg |
||
| 942 |
_2ddc _cDVD |
||
| 999 |
_c26623 _d261123 |
||